<?xml version="1.0" encoding="UTF-8"?>
<record
    xmlns:xsi="http://www.w3.org/2001/XMLSchema-instance"
    xsi:schemaLocation="http://www.loc.gov/MARC21/slim http://www.loc.gov/standards/marcxml/schema/MARC21slim.xsd"
    xmlns="http://www.loc.gov/MARC21/slim">

  <leader>00965nam a2200241Ia 4500</leader>
  <datafield tag="999" ind1=" " ind2=" ">
    <subfield code="c">4998</subfield>
    <subfield code="d">4998</subfield>
  </datafield>
  <controlfield tag="003">OSt</controlfield>
  <controlfield tag="005">20200420133611.0</controlfield>
  <controlfield tag="008">191128s2004    ck adb gr     000 0dspa d</controlfield>
  <datafield tag="020" ind1=" " ind2=" ">
    <subfield code="a">9586521478</subfield>
  </datafield>
  <datafield tag="040" ind1=" " ind2=" ">
    <subfield code="a">CO-JMCR</subfield>
    <subfield code="c">CO-JMCR</subfield>
  </datafield>
  <datafield tag="041" ind1="0" ind2=" ">
    <subfield code="a">spa</subfield>
  </datafield>
  <datafield tag="082" ind1="0" ind2="4">
    <subfield code="a">303.6 / </subfield>
    <subfield code="b">E74c</subfield>
  </datafield>
  <datafield tag="110" ind1="2" ind2=" ">
    <subfield code="a">Escuela Superior de Administraci&#xF3;n P&#xFA;blica</subfield>
    <subfield code="9">3262</subfield>
  </datafield>
  <datafield tag="245" ind1="2" ind2="0">
    <subfield code="a">Conflictividad territorial en Colombia /</subfield>
    <subfield code="c">Escuela Superior de Administraci&#xF3;n P&#xFA;blica</subfield>
  </datafield>
  <datafield tag="260" ind1=" " ind2=" ">
    <subfield code="a">Bogot&#xE1; : </subfield>
    <subfield code="b">Escuela Superior de Administraci&#xF3;n : Fundaci&#xF3;n Buen Gobierno,</subfield>
    <subfield code="c">2004</subfield>
  </datafield>
  <datafield tag="300" ind1=" " ind2=" ">
    <subfield code="a">446 p&#xE1;ginas : </subfield>
    <subfield code="b">gr&#xE1;ficas, mapas ; </subfield>
    <subfield code="c">24 cm.</subfield>
  </datafield>
  <datafield tag="500" ind1=" " ind2=" ">
    <subfield code="a">Bibliograf&#xED;a: p&#xE1;ginas 423-426.</subfield>
  </datafield>
  <datafield tag="505" ind1=" " ind2=" ">
    <subfield code="a">Esquema conceptual y metodol&#xF3;gico -- Dimensi&#xF3;n estado-sociedad -- Dimensi&#xF3;n parainstitucional -- Dimensi&#xF3;n intraestatal -- Relaci&#xF3;n entre conflictividades</subfield>
  </datafield>
  <datafield tag="650" ind1="1" ind2="4">
    <subfield code="a">Luchas sociales</subfield>
    <subfield code="9">3263</subfield>
  </datafield>
  <datafield tag="650" ind1="2" ind2="4">
    <subfield code="a"> Soluci&#xF3;n de conflictos</subfield>
    <subfield code="9">2785</subfield>
  </datafield>
  <datafield tag="650" ind1="2" ind2="4">
    <subfield code="a">Estado y sociedad</subfield>
    <subfield code="9">1954</subfield>
  </datafield>
  <datafield tag="942" ind1=" " ind2=" ">
    <subfield code="2">ddc</subfield>
    <subfield code="c">BK</subfield>
  </datafield>
  <datafield tag="952" ind1=" " ind2=" ">
    <subfield code="0">0</subfield>
    <subfield code="1">0</subfield>
    <subfield code="2">ddc</subfield>
    <subfield code="3">Donaci&#xF3;n--15/04/2018--</subfield>
    <subfield code="4">0</subfield>
    <subfield code="7">0</subfield>
    <subfield code="a">CPL</subfield>
    <subfield code="b">CPL</subfield>
    <subfield code="c">GEN</subfield>
    <subfield code="d">2019-11-28</subfield>
    <subfield code="e">Donaci&#xF3;n</subfield>
    <subfield code="g">0.00</subfield>
    <subfield code="l">0</subfield>
    <subfield code="o">303.6 / E74c </subfield>
    <subfield code="p">430001122</subfield>
    <subfield code="r">2024-05-16 00:00:00</subfield>
    <subfield code="t">Ej.1</subfield>
    <subfield code="w">2019-11-28</subfield>
    <subfield code="y">BK</subfield>
  </datafield>
</record>
